| 000 | 00406nam a2200157Ia 4500 | ||
|---|---|---|---|
| 008 | 230711s9999||||xx |||||||||||||| ||und|| | ||
| 020 | _a81-85860-33-5 | ||
| 041 | _aMAI | ||
| 082 |
_a630 _bSR-M |
||
| 100 | _aSrivastava, R.P | ||
| 245 | 0 | _aMango Quarantine Pests Export and Rules | |
| 260 |
_c1997 _aLucknow _bInternational Book Distributing Co. |
||
| 300 | _a139p. | ||
| 650 | _aAgriculture | ||
| 942 | _cBK | ||
| 999 |
_c7577 _d7577 |
||